| 000 | 00399 a2200145 4500 | ||
|---|---|---|---|
| 005 | 20250617052501.0 | ||
| 020 | _a0-273-70195-9 | ||
| 082 | _a510 JAC | ||
| 100 | _aJACQUES, I. | ||
| 245 | _aMathematics for Economics and Business | ||
| 250 | _a5th Ed. | ||
| 260 |
_aNew York, _bPrentice Hall, _c2006. |
||
| 300 |
_aix,673p.; ill.; figure, picture _bAppendix, Index & Glossary _c25cm |
||
| 942 |
_2ddc _cBKS |
||
| 999 |
_c4171 _d4171 |
||